Animals by Picture - K - Statistics

General Stats
  • This quiz has been taken 83 times
  • The average score is 8 of 16
Answer Stats
Picture Answer % Correct
Kangaroo
100%
Koala
99%
Komodo Dragon
81%
Kingfisher
70%
Kiwi
65%
Kookaburra
57%
Krill
54%
Kestrel
36%
Kudu
35%
Kakapo
33%
Katydid
32%
Kea
32%
Kinkajou
25%
Klipspringer
22%
Kiang
16%
Kodkod
16%
No matching quizzes found
Score Distribution
Percent of People with Each Score
Percentile by Number Answered
Your Score History
You have not taken this quiz